000 00355nam a22001217a 4500
008 181129b xxu||||| |||| 00| 0 eng d
041 _aeng
080 _a043.3
100 _a0
101 _aMTH-MEK
245 _aPermiresimi i performances se bizneseve kosovare duke aplikuar metoden e Ri-Inxhinerimit te procesit te biznesit
_cMujku, U
942 _2udc
_cBK
999 _c52628
_d52628